000
00238nam a22000857a 4500
999
_c
11330
_d
11330
008
190311b ||||| |||| 00| 0 eng d
020
_a
9780547589398
100
_9
7071
_a
SISPEZIO.MICHEAL.A
245
_a
SICENCE FUSION HOLT MCDOUGAL DYNAMIC EARTH